00521nam a2200205Ia 4500008004100000020001400041050001400055100002000069245003000089245002100119245004900140260001500189260001600204260000900220300001500229300002700244300001000271440002600281500000800307170918s9999 xx 000 0 und d a43920643x bJ128 2001 aJackson, Garnet aMartin Luther King, Jr. : ba man of peace / cGarnet Jackson ; illustrated by George Ford. aNew York : bScholastic, c2001 a48 pages : bcolored illustration ; c23cm. aHello reader level 4. a730